Regions to Countries #1 - Statistics

General Stats
  • This quiz has been taken 61 times
    54 since last reset
  • The average score is 21 of 24
Answer Stats
Region Country % Correct
Tibet China
100%
Normandy France
100%
Siberia Russia
100%
Queensland Australia
98%
Bavaria Germany
98%
Appalachia United States
98%
Maharashtra India
95%
Yucatán Mexico
95%
Nunavut Canada
93%
Babylon Iraq
93%
Andalusia Spain
93%
Khyber Pakhtunkhwa Pakistan
90%
Kandahar Afghanistan
88%
Tierra del Fuego Argentina
86%
Atacama Chile
81%
Aleppo Syria
81%
Free State South Africa
79%
Dalmatia Croatia
76%
Mombasa Kenya
76%
Darfur Sudan
76%
Mato Grosso Brazil
74%
Benghazi Libya
71%
Jeju South Korea
67%
Makkah Saudi Arabia
62%
No matching quizzes found
Score Distribution
Percent of People with Each Score
Percentile by Number Answered
Your Score History
You have not taken this quiz since the last reset